| 000 | 00832nam a22002297a 4500 | ||
|---|---|---|---|
| 999 |
_c13852 _d13852 |
||
| 003 | AR-CdUCM | ||
| 008 | 190416b ||||| |||| 00| 0 spa d | ||
| 040 |
_aMUNICIPALIDAD PROVINCIAL DEL CUSCO _cBIBLIOTECA MUNICIPAL DEL CUSCO |
||
| 082 |
_a633.7 / _bF76 |
||
| 100 |
_a _917925 |
||
| 110 |
_aEmpresa Nacional de la Coca - ENACO. _932427 |
||
| 245 |
_aII Forum Nacional por la Revalorización de la Hoja de Coca : _bCompromiso Nacional / |
||
| 260 |
_aLima : _c1993. |
||
| 300 |
_a140 páginas ; _c20cm |
||
| 500 | _aForum realizado en el teatro municipal del Cusco los días 1 y 2 de Julio de 1993. | ||
| 650 |
_aHoja de coca _932428 |
||
| 650 |
_aProducción de coca _932429 |
||
| 650 |
_aConsumo de coca _932430 |
||
| 710 |
_aUniversidad Nacional San Antonio Abad _932431 |
||
| 942 |
_2ddc _cLIBROS |
||
| 945 |
_anom _d2019-04-16 |
||